Εισαγωγή στην εγκληματολογία : εγκληματολογική θεωρία και ιστορική συγκυρία, βασικές έννοιες και θεμελιώδη προβλήματα, εξέλιξη-κριτική

Αποθηκεύτηκε σε:
Λεπτομέρειες βιβλιογραφικής εγγραφής
Κύριος συγγραφέας: Βιδάλη, Σοφία
Μορφή: Βιβλίο
Γλώσσα:Greek
Δημοσίευση: Αθήνα : Νομική Βιβλιοθήκη, c2013.
Θέματα:
Ετικέτες: Προσθήκη ετικέτας
Δεν υπάρχουν, Καταχωρήστε ετικέτα πρώτοι!

MARC

LEADER 00000cam a2200000 a 4500
001 1/124885
008 220517s2013####gr o ||| |||| ||gre||
020 |a 9789605621131 
040 |a GR-MyUa  |b gre  |c GR-MyUa  |e AACR2 
041 0 |a gre 
082 7 |a 364   |2 (23) 
100 1 |a Βιδάλη, Σοφία. 
245 1 0 |a Εισαγωγή στην εγκληματολογία :   |b εγκληματολογική θεωρία και ιστορική συγκυρία, βασικές έννοιες και θεμελιώδη προβλήματα, εξέλιξη-κριτική /   |c Σοφία Βιδάλη.  
260 |a Αθήνα :   |b Νομική Βιβλιοθήκη,   |c c2013.  
300 |a 285 σ. :   |b φωτ. ;   |c 24 εκ.  
504 |a Περιλαμβάνει βιβλιογραφικές παραπομπές και ευρετήριο.  
650 0 |a Criminology 
852 |a INST  |b LESVOS  |c EUDOXUS  |e 20220517  |h 364 ΒΙΔ  |p 005100063502  |q 005100063502  |t EDX  |y 0 
920 |a Εύδοξος  |b Παραγγελία  |y Λέσβος-ΤΚ  |z 2022-05 
970 |a Καμάτσου  |b Δέσποινα  |z 17-05-2022